Gira del presidente José López Portillo a Europa y Canadá /

Compilación de los discursos pronunciados por el presidente José López Portillo durante su visita oficial por Francia, Alemania Federal, Suecia y Canadá y la extraoficial a Portugal, entre el 15 y 28 de mayo de 1980. Se incluyen los textos de los comunicados conjuntos que con cada país se negoció, l...

Olles dieđut

Furkejuvvon:
Bibliográfalaš dieđut
Searvvušdahkki: México. Presidente. 1976-1982 (López Portillo y Pacheco)
Eará dahkkit: López Portillo y Pacheco, José (autor) (autor)
Materiálatiipa: Girji
Giella:eaŋgalasgiella
Ráidu:(Cuadernos SEP ; 4)
Fáttát:
Fáddágilkorat: Lasit fáddágilkoriid
Eai fáddágilkorat, Lasit vuosttaš fáddágilkora!

MARC

LEADER 00000nam^a2200000^a^4500
001 000187897
005 20250521000000.0
009 20260310102317.706
020 |a 968-804-232-3 
037 |a Acervo ITESO - Biblioteca 
041 |a ING 
082 |a 320. 972  |b DIS MEX 1976-1982 V. 1 
110 |a México.  |b Presidente. 1976-1982 (López Portillo y Pacheco) 
245 1 0 |a Gira del presidente José López Portillo a Europa y Canadá /  |c J. López Portillo y Pacheco. 
264 |a México :  |b Secretaría de Educación Pública,  |c 1980 
300 |a 208 p. 
336 |a texto  |b txt  |2 rdacontenido 
337 |a sin mediación  |b n  |2 rdamedio 
338 |a volumen  |b nc  |2 rdasoporte 
440 1 |a (Cuadernos SEP ;  |v 4) 
520 |a Compilación de los discursos pronunciados por el presidente José López Portillo durante su visita oficial por Francia, Alemania Federal, Suecia y Canadá y la extraoficial a Portugal, entre el 15 y 28 de mayo de 1980. Se incluyen los textos de los comunicados conjuntos que con cada país se negoció, las disposiciones de los acuerdos suscritos y la transcripción de la conferencias de prensa que concedió durante su viaje. 
649 |a XX 
650 |a Jefes de Estado Mexicanos -  |x Discursos 
650 |a Políticos Mexicanos -  |x Discursos 
650 |a Giras de Trabajo (Política) 
650 |a Visitas de Estado 
650 |a Cooperación Internacional 
650 |a Democracia 
650 |a Justicia e Injusticia 
650 |a Filosofía Política -  |z Portugal 
650 |a Guerra y Paz 
650 |a Relaciones Internacionales -  |z México-Portugal 
650 |a Relaciones Internacionales -  |z México-Francia 
650 |a Relaciones Internacionales -  |z México-Alemania 
650 |a Relaciones Internacionales -  |z México-Suecia 
650 |a Relaciones Internacionales -  |z México-Canadá 
650 |a Administración Pública -  |z México -  |x Historia -  |y 1976-1982 
650 |a Política Exterior -  |z México -  |x Historia -  |y 1976-1982 
650 |a Política -  |z México -  |x Historia -  |y 1976-1982 
650 |a Política -  |z México -  |x Historia -  |y Siglo XX 
650 |a Política Internacional 
650 |a López Portillo y Pacheco, José 
700 |a López Portillo y Pacheco, José  |e (autor) 
910 |a Fondo General 
920 |a Impresos - Libros 
930 |a Colección General 
905 |a 101 
901 |a 0500129964  |b IT1  |c ACC  |u 20250521 
902 |a https://opac.biblio.iteso.mx/vufind/Record/000187897